00439nam a22001577a 4500003000400000082001800004100002200022245001700044260004400061300000800105650001700113653001700130942001200147952010500159999001700264SGT a617.632bT21K aKaur, KeeratPreet aThe facelift aGurugram, HaryanabSGT Universityc2021 a108 aOral Surgery aOral Surgery 2ddccTH 00102ddc405171aFDbFDd2022-12-22l0o617.632 T21KpDT1393r2022-12-22 00:00:00w2022-12-22yTH c23614d23614